| 000 | 00471nam a2200181Ia 4500 | ||
|---|---|---|---|
| 001 | 23020 | ||
| 005 | 20260414150909.0 | ||
| 008 | 260414t2013||||xx |||||||||||||| ||spa|| | ||
| 041 | _aESP | ||
| 082 |
_a624.1762 _bS91D |
||
| 100 |
_aSullivan, Timothy _eAUT |
||
| 245 | 0 |
_aDevelopments in the field of displacement-based seismic assessment _b |
|
| 260 | _c2013 | ||
| 300 |
_alxvi, 531 páginas : _c24 cm. |
||
| 650 | _a0 | ||
| 654 | _aCIC | ||
| 942 |
_cLIB _dJUS _fJUS _2ddc _n |
||
| 999 |
_c23020 _d23020 |
||